South American Countries Currencies - Statistics

General Stats
  • This quiz has been taken 176 times
  • The average score is 9 of 12
Answer Stats
Hint Answer % Correct
Argentina Argentine Peso
96%
Colombia Colombian Peso
96%
Chile Peso
96%
Uruguay Uruguayan Peso
96%
Brazil Brazilian real
75%
Guyana Guyanese dollar
75%
Suriname Surinamese dollar
75%
Ecuador United States Dollar
75%
Venezuela Venezuelan Bolívar
62%
Peru Sol
49%
Bolivia Bolivian Boliviano
45%
Paraguay Paraguay guarani
42%
No matching quizzes found
Score Distribution
Percent of People with Each Score
Percentile by Number Answered
Your Score History
You have not taken this quiz